000 00507nam a2200169Ia 4500
999 _c21542
_d21542
003 OSt
005 20200616122339.0
008 190216s9999||||xx |||||||||||||| ||und||
020 _a9780195642681
040 _coclc
082 _a305.800954
_bROB/C
100 _aRobb, Peter
_92974
245 4 _aThe Concept Of Race In South Asia /
_cPeter Robb
260 _bOxford University Press,
_c2011.
_aNew Delhi:
300 _a354p
942 _cBK
_2ddc
_h305.800954
_iROB/C
_k305.800954
_mROB/C